Ajtó a rakparton Dundo Maroje a Komáromi Jókai Színházban: Megfürdött-e a kútban a vendégrendező?

Bibliographic Details
Main Authors: Dusza, István (Author), Soltis, Lajos (Author), Zsákovics, László (Author)
Format: Article
Language:Hungarian
PhysicalDescription:Fotogr. 1
Subjects:

MARC

LEADER 00000nab a2200000 a 4500
001 vtls000622531
003 SK-MaSNL
005 20260318132826.0
008 160401c1997 xo 0 hun
015 |a SNBRB19rr/mm-uuuuu 
035 |a CL0622670 
040 |a SNKBUCL  |b slo  |c SNKBUCL  |e AACR2 
041 0 |a hun 
044 |a xo  |c SK 
080 |a 792.2  |2 1981 
100 1 |a Dusza, István  |4 aut  |9 280237 
245 1 0 |a Ajtó a rakparton  |b Dundo Maroje a Komáromi Jókai Színházban: Megfürdött-e a kútban a vendégrendező?  |c István Dusza 
300 |b Fotogr. 1 
500 |a Réžia Lajos Soltis 
600 1 7 |a Držič, Marin  |d ?-  |x Dundo Maroje - Jókaiho divadlo, Komárno - recenzie  |2 snkbucl  |9 1225412 
610 2 7 |a Jókaiho divadlo v Komárne - Komáromi Jókai Színház  |2 snkbucl  |9 32950 
650 0 7 |a Držič, Marin  |2 snkbucl  |9 1225413 
651 7 |a 5204  |2 snkbucl  |9 376683 
655 7 |a články z novín a časopisov  |2 snkbucl  |9 267496 
700 1 |a Soltis, Lajos  |4 aut  |9 1225414 
700 1 |a Zsákovics, László  |4 aut  |9 1128486 
773 0 |t Új szó  |g Roč. 50, č. 78 (5. 4. 1997), s. 9 
850 |a Slovenská národná knižnica v Martine  |a DSG001 
852 |a SNK  |b KIS3GCP 
958 |a HU 
958 |a SK 
958 |a RK 
958 |a RBX 
999 |c 2154166  |d 2156096